|
|
|
|
| LEADER |
00000cam a2200000 c 4500 |
| 001 |
1101063076 |
| 003 |
DE-627 |
| 005 |
20240429195540.0 |
| 007 |
tu |
| 008 |
921209s1962 xx ||||| 00| ||ger c |
| 035 |
|
|
|a (DE-627)1101063076
|
| 035 |
|
|
|a (DE-576)031063071
|
| 035 |
|
|
|a (DE-599)BSZ031063071
|
| 035 |
|
|
|a (OCoLC)07652316
|
| 035 |
|
|
|a (DE-604)8050346369
|
| 040 |
|
|
|a DE-627
|b ger
|c DE-627
|e rakwb
|
| 041 |
|
|
|a ger
|
| 084 |
|
|
|a 1
|2 ssgn
|
| 084 |
|
|
|a PX 370
|2 rvk
|0 (DE-625)rvk/141016:
|
| 084 |
|
|
|a BQ 5450
|2 rvk
|0 (DE-625)rvk/15491:
|
| 084 |
|
|
|a BU 1840
|2 rvk
|0 (DE-625)rvk/16845:
|
| 245 |
0 |
0 |
|a Zur Geschichte und Ordnung der Konfirmation in den lutherischen Kirchen
|b aus den Verhandlungen des Internationalen Seminars des Lutherischen Weltbundes in Loccum 1961 über Fragen der Konfirmation
|c hrsg. von Kurt Frör. Mit Beitr. von Georg Kretschmar...
|
| 250 |
|
|
|a 1. Aufl.
|
| 264 |
|
1 |
|a München
|b Claudius-Verl.
|c 1962
|
| 300 |
|
|
|a 206 S.
|
| 336 |
|
|
|a Text
|b txt
|2 rdacontent
|
| 337 |
|
|
|a ohne Hilfsmittel zu benutzen
|b n
|2 rdamedia
|
| 338 |
|
|
|a Band
|b nc
|2 rdacarrier
|
| 583 |
1 |
|
|a Archivierung/Langzeitarchivierung gewährleistet
|f SSG
|x XA-DE-BW
|2 pdager
|5 DE-21
|
| 601 |
|
|
|a Ordnung
|
| 601 |
|
|
|a Verhandlung
|
| 601 |
|
|
|a Internationale
|
| 689 |
0 |
0 |
|d s
|0 (DE-588)4032079-0
|0 (DE-627)10626298X
|0 (DE-576)208995536
|2 gnd
|a Konfirmation
|
| 689 |
0 |
1 |
|q z
|2 gnd
|a Geschichte
|
| 689 |
0 |
|
|5 (DE-627)
|
| 700 |
1 |
|
|e Hrsg.
|0 (DE-588)118536354
|0 (DE-627)07933640X
|0 (DE-576)208926062
|4 edt
|a Frör, Kurt
|d 1905-1980
|
| 700 |
1 |
|
|0 (DE-588)118811312
|0 (DE-627)079585442
|0 (DE-576)161828108
|4 oth
|a Kretschmar, Georg
|d 1925-2009
|
| 935 |
|
|
|a mteo
|
| 936 |
r |
v |
|a PX 370
|b Sammelwerke
|k Rechtswissenschaft
|k Kirchenrecht ab 1918
|k Sammelwerke
|0 (DE-627)1271681595
|0 (DE-625)rvk/141016:
|0 (DE-576)201681595
|
| 936 |
r |
v |
|a BQ 5450
|b Geschichtliche Aspekte
|k Theologie und Religionswissenschaften
|k Evangelische Praktische Theologie
|k Amtshandlungen
|k Konfirmation
|k Geschichtliche Aspekte
|0 (DE-627)1272622177
|0 (DE-625)rvk/15491:
|0 (DE-576)202622177
|
| 936 |
r |
v |
|a BU 1840
|b Katechese und Katechetik der nichtkatholischen Ökumene, Konfirmandenunterricht
|k Theologie und Religionswissenschaften
|k Religionspädagogik und Katechetik
|k Vergleichende Erziehungswissenschaft, Religionspädagogik und Katechetik
|k Katechese und Katechetik der nichtkatholischen Ökumene, Konfirmandenunterricht
|0 (DE-627)1270658883
|0 (DE-625)rvk/16845:
|0 (DE-576)200658883
|
| 951 |
|
|
|a BO
|
| ELC |
|
|
|b 1
|
| ITA |
|
|
|a 1
|t 1
|
| LOK |
|
|
|0 000 xxxxxcx a22 zn 4500
|
| LOK |
|
|
|0 001 2197506498
|
| LOK |
|
|
|0 003 DE-627
|
| LOK |
|
|
|0 004 1101063076
|
| LOK |
|
|
|0 005 20040226000000
|
| LOK |
|
|
|0 008 040226||||||||||||||||ger|||||||
|
| LOK |
|
|
|0 040
|a DE-21
|c DE-627
|d DE-21
|
| LOK |
|
|
|0 852
|a DE-21
|
| LOK |
|
|
|0 852 1
|c 2 A 7015
|9 00
|
| LOK |
|
|
|0 935
|a konv
|
| LOK |
|
|
|0 939
|a 26-02-04
|b l01
|
| LOK |
|
|
|0 000 xxxxxcx a22 zn 4500
|
| LOK |
|
|
|0 001 219750651X
|
| LOK |
|
|
|0 003 DE-627
|
| LOK |
|
|
|0 004 1101063076
|
| LOK |
|
|
|0 005 20100408050643
|
| LOK |
|
|
|0 008 990810||||||||||||||||ger|||||||
|
| LOK |
|
|
|0 040
|a DE-21-31
|c DE-627
|d DE-21-31
|
| LOK |
|
|
|0 541
|e 25345
|
| LOK |
|
|
|0 852
|a DE-21-31
|
| LOK |
|
|
|0 852 1
|c Pg II d 7
|m p
|9 00
|
| LOK |
|
|
|0 938
|k p
|
| LOK |
|
|
|0 939
|a 10-08-99
|b l01
|
| ORI |
|
|
|a SA-MARC-ixtheoa001.raw
|
| STA |
0 |
0 |
|a Confirmation,History,History,History in art
|
| STB |
0 |
0 |
|a Confirmation,Histoire,Histoire,Histoire
|
| STC |
0 |
0 |
|a Confirmación,Historia,Historia,Historia
|
| STD |
0 |
0 |
|a Confermazione,Storia,Storia
|
| STE |
0 |
0 |
|a 历史,史,坚信礼,坚振,坚振礼
|
| STF |
0 |
0 |
|a 堅信禮,堅振,堅振禮,歷史,史
|
| STG |
0 |
0 |
|a Confirmação,História,História
|
| STH |
0 |
0 |
|a История (мотив),История,Конфирмация
|
| STI |
0 |
0 |
|a Ιστορία (μοτίβο),Ιστορία,Τελετή μετάδοσης του Αγίου Χρίσματος
|
| SYG |
0 |
0 |
|a Einsegnung , History,Geschichtliche Epoche,Historical development,Historische Entwicklung,Landesgeschichte,Regionalgeschichte,Ortsgeschichte,Zeitgeschichte
|